000
00303nam a22001337a 4500
008
181203b xxu||||| |||| 00| 0 eng d
020
_a
084033284-X
041
_a
eng
080
_2
2nd
_a
371
100
_a
46
101
_a
EDU
245
_a
Fundamental Reading Skills
_c
Woodhouse,F.R
942
_2
udc
_c
BK
999
_c
52715
_d
52715